ბათუმის შოთა რუსთაველის სახელმწიფო უნივერსიტეტის ბიბლიოთეკა

გლობალიზაცია, ეკონომიკური თეორია და საქართველო (ბიბ.ჩანაწერი № 51323)

000 -LEADER
fixed length control field 01030nam a2200253Ia 4500
001 - CONTROL NUMBER
control field 18292
003 - CONTROL NUMBER IDENTIFIER
control field GE_BSU
008 - FIXED-LENGTH DATA ELEMENTS--GENERAL INFORMATION
fixed length control field 181216s||||||||xx |||||||||||||| ||und||
020 ## - INTERNATIONAL STANDARD BOOK NUMBER
International Standard Book Number 978-99940-875-9-4
040 ## - CATALOGING SOURCE
Transcribing agency GE_BSU
080 ## - UNIVERSAL DECIMAL CLASSIFICATION NUMBER
Universal Decimal Classification number 339.924 + 330.1 + 316.22(479.22)
100 ## - MAIN ENTRY--PERSONAL NAME
Personal name ასათიანი, როზეტა
245 ## - TITLE STATEMENT
Title გლობალიზაცია, ეკონომიკური თეორია და საქართველო
245 ## - TITLE STATEMENT
Statement of responsibility, etc. მეცნ.-რედ. იაკობ მესხია
260 ## - PUBLICATION, DISTRIBUTION, ETC.
Place of publication, distribution, etc. თბილისი
260 ## - PUBLICATION, DISTRIBUTION, ETC.
Name of publisher, distributor, etc. სიახლე
260 ## - PUBLICATION, DISTRIBUTION, ETC.
Date of publication, distribution, etc. 2010
300 ## - PHYSICAL DESCRIPTION
Extent 84 გვ. ; 20 სმ.
300 ## - PHYSICAL DESCRIPTION
Accompanying material რეზ. ინგლ.. - ბიბლიოგრ. ტექსტ. შენიშვნ. და გვ. 75-82.
653 ## - INDEX TERM--UNCONTROLLED
Uncontrolled term გლობალიზაცია, ეკონომიკური თეორია და საქართველო
653 ## - INDEX TERM--UNCONTROLLED
Uncontrolled term ეკონომიკა
942 ## - ADDED ENTRY ELEMENTS (KOHA)
Koha item type წიგნი
ეგზემპლარები
Withdrawn status Lost status Damaged status Not for loan Date acquired Barcode Date last seen Price effective from Koha item type
        2018-12-17 46613 2018-12-17 2018-12-17 წიგნი
        2018-12-17 46614 2018-12-17 2018-12-17 წიგნი
        2018-12-17 46615 2018-12-17 2018-12-17 წიგნი
        2018-12-17 46616 2018-12-17 2018-12-17 წიგნი
        2018-12-17 46617 2018-12-17 2018-12-17 წიგნი